Dicranopygium callithrix (Cyclanthaceae), a new species from the Cauca Valley, Colombia (Registro nro. 16199)

Detalles MARC
000 -CABECERA
Campo de control 003700000a22001090004500
090 ## - CLASIFICACIÓN LOCAL
Colección AS
Consecutivo Seriadas
041 0# - IDIOMA
Código de idioma para texto/pista de sonido o título separado
100 1# - ASIENTO PRINCIPAL--NOMBRE PERSONAL
Nombre personal Silverstone Sopkin, Philip A.
245 10 - MENCION DE TITULO
Título Dicranopygium callithrix (Cyclanthaceae), a new species from the Cauca Valley, Colombia
773 1# - Item fuente:
Título Novon
Datos de la serie Journal for Botanical Nomenclature
Descripción física 3
Paginas del Articulo 337-340
Lugar, editorial y fecha de publicación 2004
Información sobre la relación 14
942 ## - ELEMENTOS ADICIONALES (KOHA)
Tipo de ítem Artículo

No hay ítems disponibles.